000 00506nam a2200181Ia 4500
005 20250326144924.0
008 250326s9999 xx 000 0 und d
037 _aTextbook
040 _aFMSL
_beng
_cFMSL
041 _aeng
_2eng
084 _aX8(A):28 M7
_qFMSL
100 _aDeb K
245 0 _aPublic policies and the industrial economy of India
_cDeb K
260 _aNew Delhi
_bNew Delhi, Sterling
_c1987
300 _a364p
942 _cTB
_hX8(A):28 M7
999 _c1305632
_d1305632